Ταξίδι στο Ιξτλάν : τα διδάγματα του Δον Χουάν
Saved in:
| Main Author: | |
|---|---|
| Other Authors: | |
| Format: | Book |
| Language: | Greek English |
| Published: |
Αθήνα :
Καστανιώτης,
1978.
|
| Subjects: | |
| Tags: |
Add Tag
No Tags, Be the first to tag this record!
|
MARC
| LEADER | 00000cam a2200000 i 4500 | ||
|---|---|---|---|
| 001 | 1/23038 | ||
| 008 | 930819s1978 gr | ||| |||| ||gre|| | ||
| 020 | |a 9600300755 | ||
| 035 | |l 10036734 | ||
| 040 | |a GR-MyUA |b gre |e AACR2 | ||
| 041 | 1 | |a gre |h eng | |
| 082 | 0 | |a 299.7 | |
| 100 | 1 | |a Castaneda, Carlos |d 1931- | |
| 245 | 1 | 0 | |a Ταξίδι στο Ιξτλάν : |b τα διδάγματα του Δον Χουάν / |c Κάρλος Καστανέντα ; μετάφραση Λουκάς Θεοδωρακόπουλος. |
| 260 | |a Αθήνα : |b Καστανιώτης, |c 1978. | ||
| 300 | |a 346 σ. ; |c 24 εκ. | ||
| 500 | |a Τίτλος πρωτοτύπου: Journey to Ixtlan. | ||
| 600 | 1 | 0 | |a Juan |c Don |d 1891- |
| 650 | 0 | 0 | |a Hallucinogenic drugs. |
| 650 | 0 | 0 | |a Hallucinogenic drugs and religious experience. |
| 700 | 1 | |a Θεοδωρακόπουλος, Λουκάς, |d 1925-2013, |e trl | |
| 852 | |a INST |b CHIOS |e 19930819 |h 299.7 CAS |p 005200002326 |q 005200002326 |t BK |y 0 | ||
| 852 | |a INST |b RHODES |e 19980518 |h 299.7 CAS |p 005400006498 |q 005400006498 |t BK |y 0 | ||
| 901 | |a BIBL-1998-1 | ||
| 909 | |a Χ |b 016142 | ||
| 909 | |a Ρ |b 053092 | ||
| 922 | |a 4ΕΛΗ |b 199801 |c ΚΠΣ/ΔΕ |d EMVASIS | ||